000 01588cam a22002655a 4500
001 L149392
002 18133
008 100301s2010 xxk f 000 0 eng d
020 _a9781847663481
035 _a(Sirsi) u149392
041 0 _aeng
100 1 _aBamford, Karl
245 0 0 _aAmending a commercial lease
250 _a4th ed.
260 _aHaywards Heath
_bTottel
_c2010
300 _axxxvi, 280p.
_c24cm.
350 _a95
505 2 _aPreface -- Table of statutes -- Table of statutory instruments -- Table of cases -- Note on the code of practice -- The code of leasing business premises in England and Wales 2007 -- A code of practice for commercial leases in England and Wlaes (second edition) -- Lease -- Lease rent deposit deed -- RPI rent review clause.
520 _aThis is the up to date resource on amending a commerical lease. It gives practical advice on indentifying potential amendments, negotiating the best possible lease terms for a client, negotiating tips and assisting practitioners to develop negotiating tactics and arguments. Takes into account recent developments and case law. Includes coverage of the code for leasing business premises in England and Wales 2007, a sample lease rent deposit deed and a speciment retail index review clause.
521 _aAdvanced
651 4 _aEngland and Wales
_y1543-
690 _aPROPERTY-COMMERCIAL PROPERTY-COMMERCIAL LANDLORD AND TENANT-COMMERCIAL LEASES
690 _aPROPERTY-COMMERCIAL PROPETY-LEASEHOLD COMMERCIAL PROPERTY-COMMERCIAL LANDLORD AND TENANT-COMMERCIAL SERVICE CHARGES
942 _n0
999 _c110482
_d110482